Statistics for Countries Closest to New Zealand - 15 Second Sprint

Click here to take the quiz!

General Stats

  • This quiz has been taken 65 times
  • The average score is 6 of 20

Answer Stats

kmcountrymiles% Correct
1303Australia810
91%
1857Fiji1154
68%
2715Samoa1687
60%
1865Tonga1159
58%
3472Papua New Guinea2158
49%
5059Kiribati3143
32%
3817Nauru2372
32%
2946Tuvalu1831
32%
1602Vanuatu995
32%
4283Indonesia2661
25%
4830Micronesia3001
25%
2945Solomon Islands1830
25%
6130Palau3809
21%
2365Niue1469
11%
6664Philippines4141
11%
5454Timor-Leste3389
9%
6807United States4230
9%
7243Malaysia4500
8%
4659Marshall Islands2895
8%
2958Cook Islands1838
6%

Score Distribution

Percentile by Number Answered

Percent of People with Each Score

Your Score History

You have not taken this quiz